الإسلام والأستعمار : (Record no. 8127)
[ view plain ]
| 000 -الفاتح | |
|---|---|
| حقل البيانات ثابتة الطول | 00659nac a22001571u 4500 |
| 008 - عناصر البيانات ثابتة الطول - معلومات عامة | |
| حقل البيانات ثابتة الطول | 080817s ua|||||r|||| 000 0 ara d |
| 082 ## - رقم تصنيف ديوى العشرى | |
| رقم التصنيف | 256 |
| رقم المادة | ب ي ت |
| رقم الطبعة | 22 |
| 245 ## - بيان العنوان | |
| العنوان | الإسلام والأستعمار : |
| بقية العنوان | عقيدة الجهاد في التاريخ الحديث/ |
| بيان المسئوليه,etc | رودلف بيترز |
| 260 ## - PUBLICATION, DISTRIBUTION, ETC. (IMPRINT) | |
| مكان الناشر او الموزع | القاهرة : |
| اسم الناشر او الموزع | دار شهدي، |
| تاريخ النشر أو التوزيع | 1985 |
| 300 ## - الوصف المادى | |
| التعداد | 326 ص؛ |
| أبعاد الوعاء | 24 سم |
| 500 ## - تبصرة عامة | |
| تبصرة عامة | ترجمة كتاب Isalm and Colonialism. The Doctrine of Jihad in Moders History, by Rudoiph Peters. |
| 504 ## - تبصرة ببليوجرافية | |
| تبصرة ببليوجرافية,الخ | ببليوجرافية: ص225-326 |
| 511 ## - | |
| -- | Catalogued by: Sara |
| 541 ## - تبصرة المصدر المباشر للتزويد | |
| مصدر التزويد | ألف باء؛ |
| طريقة التزويد | شراء؛ |
| 942 ## - عناصر المدخل الإضافي( كوها) | |
| Koha [default] item type | Book - Borrowing |
| سابقة رقم الطلب | 256ب ي ت |
| مصدر التصنيف او مخطط الترفيف | Dewey Decimal Classification |
| حالة التراجع | حالة الفقد | مصدر التصنيف او خطة الترفيف | حالة تلف | ليس للاعارة | مجموعات كوها | المكان الدائم | المكان الحالي | موقع الترفيف | تاريخ الاكتساب | Source of acquisition | رقم الاستدعاء | الباركود | Date last seen | مُعار | نوع الوعاء |
|---|---|---|---|---|---|---|---|---|---|---|---|---|---|---|---|
| Dewey Decimal Classification | Alef-Baa | Central Library | Central Library | Lower Floor | 25/07/2010 | 256 ب ي ت | 000010054 | 15/07/2025 | 09/11/2015 | Book - Borrowing |